| 000 | 00574nam a2200181 i 4500 | ||
|---|---|---|---|
| 001 | 59120 | ||
| 003 | ES-MaACL | ||
| 005 | 20230906163953.0 | ||
| 007 | t| | ||
| 008 | 031027s1972 sp ||||1| spa d | ||
| 100 | 1 |
_aElgozy, George. _946944 |
|
| 245 | 1 | 3 |
_aEl desordenador _b: el peligro informático / _cGeorge Elgozy ; [traducido por Julián Abad Caja]. |
| 260 |
_aMadrid : _bAsociación para el Progreso de la Dirección, _c[1972] |
||
| 300 |
_a292 p. ; _c23 cm. |
||
| 700 | 1 |
_aAbad, Julián, _9226339 |
|
| 852 |
_aES-MaACL _jC-44556 _bR.83960 |
||
| 999 |
_c59120 _d59120 |
||